01832 a2200265 45000010006000000050017000060080041000230030015000640400040000790800033001192450034001520200018001862640032002043000027002365050945002630410008012089420007012165900036012231000023012597000030012827000027013128560099013399990015014389520113014534989520260407155759.0260407a1998 arg spa dAR-UNSa-BCEJYS aAR-UNSa-BCEJYSbspacAR-UNSa-BCEJYS a330.101.542xMicroeconomía10aPrincipios de microeconomía a84-481-2104-X 1aMadrid :bMcGraw-Hillc1998 axxxiii, 451 p.c25 cm. a1. Los diez principios de la microeconomía – 2. Pensar como un economista – 3. Interdependencia y ganancias derivadas del comercio – 4. Las fuerza de mercado de la oferta y la demanda – 5. La elasticidad y su aplicación – 6. La oferta, la demanda y la política económica – 7. Los consumidores, los productores y la eficiencia de los mercados – 8. Aplicación: los costes de la tributación – 9. Aplicación: el comercio internacional – 10. Las externalidades – 11. Los bienes públicos y los recursos comunes – 12. La elaboración del sistema tributario – 13. Los costes de producción – 14. Las empresas de los mercados competitivos – 15. El monopolio – 16. El oligopolio – 17. La competencia monopolística – 18. Los mercados de factores de producción – 19. Los ingresos y la discriminación – 20. La distribución de la renta – 21. La teoría de la elección del consumidor.  aspa cBK aniveau_biblio:m niveau_hierar:01 aMankiw, N. Gregory1 aRabasco Espáriz, Esther1 aToharia Cortés, Luis41uhttps://www.biblioeco.unsa.edu.ar/pmb/images/libros/L128220.jpgyImagen de portadaqimage/jpeg c4909d4909 00104070aBCEJYSbBCEJYSc16d2026-04-07l0o330.101.542 M266pL128220r2026-04-07 15:57:59w2026-04-07yL